| 000 | 01078 a2200229 4500 | ||
|---|---|---|---|
| 001 | 4279 | ||
| 005 | 20260407155433.0 | ||
| 008 | 260407a2004 arg spa d | ||
| 003 | AR-UNSa-BCEJYS | ||
| 040 |
_aAR-UNSa-BCEJYS _bspa _cAR-UNSa-BCEJYS |
||
| 080 |
_a657 _xContabilidad |
||
| 245 | 1 | 0 |
_aSistema de información contable _pbasica |
| 020 | _a987-9094-71-9 | ||
| 250 | _a3a. ed. | ||
| 264 | 1 |
_aCórdoba : _bEdiciones Eudecor _c2004 |
|
| 300 |
_a667 p. _c27 cm. |
||
| 505 | _a1. Información contable - 2. Conceptos contables básicos - 3. Sistema contable - 4. Disponibilidades - 5. Inversiones - 6. Cuentas por cobrar - 7. Bienes de cambio - 8. Bienes de uso - activos intangibles - 9. Pasivo - 10. Moneda extranjera - 11. Patrimonio neto - 12. Balance general - 13. Informes contables - 14. Solución de ejercicios no resueltos | ||
| 942 | _cBK | ||
| 590 | _aniveau_biblio:m niveau_hierar:0 | ||
| 100 | 1 | _aPriotto, Hugo C. | |
| 856 | 4 | 1 |
_uhttps://biblioeco.unsa.edu.ar/pmb/images/libros/Sistemas de informacion contable basica2-l118470.jpg _yImagen de portada _qimage/jpeg |
| 999 |
_c409 _d409 |
||